| 000 | nam a22 7a 4500 | ||
|---|---|---|---|
| 999 |
_c24819 _d24819 |
||
| 008 | 170130b xxu||||| |||| 00| 0 eng d | ||
| 020 | _a9780077695774 | ||
| 050 | _aQH 308.2 .M33 2013 | ||
| 100 | _aMader, Sylvia S. | ||
| 245 |
_aBIO 101/ _cSylvia S. Mader. |
||
| 260 |
_aMcGraw Hil: _bBoston, _c2013. |
||
| 300 |
_axviii, 882p. : _bill. ; _c27cm. |
||
| 500 | _aInclude index. | ||
| 650 | _aBiology. | ||
| 942 |
_2lcc _cBOOKS _hQH 308.2 .M33 2013 |
||